[Event "Prague Summer op-B 7th"]
[Site "Prague"]
[Date "2020.08.14"]
[Round "8"]
[White "Hochscheidt, Lukas"]
[Black "Spanton, Timothy"]
[Result "0-1"]
[WhiteElo "1754"]
[BlackElo "1831"]
[PlyCount "116"]
[EventDate "2020.08.08"]
[EventType "swiss"]
[EventRounds "9"]
[EventCountry "CZE"]
[SourceTitle "EXT 2021"]
[Source "ChessBase"]
[SourceDate "2020.10.23"]
[SourceVersion "1"]
[SourceVersionDate "2020.10.23"]
[SourceQuality "1"]

1. d4 d5 2. Bg5 Nf6 3. Nc3 Nbd7 4. f3 h6 5. Bh4 e6 6. e4 Be7 7. Nh3 Nxe4 8. Bxe7 Nxc3 9. Bxd8 Nxd1 10. Bxc7 Nxb2 11. a4 Nb6 12. Kd2 N2xa4 13. Bb5+ Bd7 14. Rhb1 Bxb5 15. Rxb5 Kd7 16. Bxb6 Nxb6 17. Kd3 Rhc8 18. Rba5 a6 19. Nf4 g6 20. Ne2 Rc6 21. Nc1 Rac8 22. R1a2 Rc3+ 23. Kd2 Nc4+ 24. Kxc3 Nxa5+ 25. Kd3 b6 26. Ne2 Kc7 27. Nc3 Nc6 28. Rb2 b5 29. Rb1 Ra8 30. f4 h5 31. h3 Rb8 32. g3 Rb6 33. g4 hxg4 34. hxg4 Rb8 35. Rh1 Kb6 36. Rh7 Rb7 37. f5 gxf5 38. gxf5 Rc7 39. Rh6 Nb4+ 40. Kd2 Rc6 41. Rh8 Ka5 42. Rf8 Nxc2 43. Kxc2 b4 44. Rxf7 Rxc3+ 45. Kb2 exf5 46. Rxf5 Ka4 47. Rxd5 Rc4 48. Rd8 b3 49. d5 Rc2+ 50. Kb1 a5 51. d6 Rd2 52. d7 Ka3 53. Kc1 Rd5 54. Ra8 b2+ 55. Kc2 Rc5+ 56. Kd2 b1Q 57. d8Q Qa2+ 58. Ke3 Qe6+ 0-1